000 00218 a2200097 4500
001 50955
100 _aKeiser Gerd
245 _aOptical Fiber Communications
260 _aNewyork
_bMcGraw-H
_c
090 _c32265
_d32265
942 _aNUST-CAE
_cM
_c24742
999 _c286028
_d286028